Statistiche per Classifica Marcatori Serie A 2010-2011

Clicka qui per fare il quiz!

Statistiche generali

  • Questo quiz è stato fatto 56 volte
  • Il punteggio medio è 15 su 20

Statistiche sulle risposte

GolNazioneSquadraCalciatore% Corretto
28ItaliaUdineseAntonio Di Natale
100%
26UruguayNapoliEdinson Cavani
100%
21CamerunInterSamuel Eto'o
100%
14SveziaMilanZlatan Ibrahimović
96%
15ItaliaRomaFrancesco Totti
94%
11SlovacchiaNapoliMarek Hamšík
88%
14BrasileMilanAlexandre Pato
82%
12CileUdineseAlexis Sánchez
82%
10MontenegroRomaMirko Vučinić
82%
14BrasileMilanRobinho
82%
19ItaliaBolognaMarco Di Vaio
80%
11ItaliaChievoSergio Pellissier
80%
20ItaliaCagliari/JuventusAlessandro Matri
76%
17ItaliaSampdoria/InterGiampaolo Pazzini
68%
12ItaliaBresciaAndrea Caracciolo
58%
12ItaliaFiorentinaAlberto Gilardino
56%
11ArgentinaPalermoJavier Pastore
54%
11BrasileLazioHernanes
44%
11ItaliaRomaMarco Borriello
42%
13ItaliaUdinese/GenoaAntonio Floro Flores
30%

Distribuzione punteggi

Percentile per numero di risposta

Percentuale di utenti per punteggio

I tuoi punteggi nel tempo

Non hai fatto questo quiz